Dohoda o celoeurópskom klíringovom dome je na spadnutie

Fúzia klíringových inštitúcií britskej London Clearing House (LCH) a európskej Clearnet. Spojenie zúčtovacích centier môže priniesť takmer úplnú harmonizáciu trhov cenných papierov v rámci EÚ. Cesta k centralizácii. LCH dlho váhala, zmenu spôsobil príchod nového výkonného riaditeľa. Vítaný monopol n...

Descrizione completa

Salvato in:
Dettagli Bibliografici
Autore principale: Záborský, Ján
Natura: Capitolo di libro
Lingua:slovacco
Soggetti:
Tags: Aggiungi Tag
Nessun Tag, puoi essere il primo ad aggiungerne!!

MARC

LEADER 00000naa$a2200000$$$4500
001 0003613
005 20230921115035.3
041 0 |a slo 
044 |a SK 
245 1 0 |a Dohoda o celoeurópskom klíringovom dome je na spadnutie  |c aut. Ján Záborský 
520 |a Fúzia klíringových inštitúcií britskej London Clearing House (LCH) a európskej Clearnet. Spojenie zúčtovacích centier môže priniesť takmer úplnú harmonizáciu trhov cenných papierov v rámci EÚ. Cesta k centralizácii. LCH dlho váhala, zmenu spôsobil príchod nového výkonného riaditeľa. Vítaný monopol na trhu. Odporcovia monopolu. 
610 2 0 |a papiere cenné 
610 2 0 |a klíring 
610 2 0 |a fúzie 
610 2 0 |a centralizácia 
610 2 0 |a Európska únia 
100 1 |a Záborský, Ján